MARC details
| 000 -LEADER |
| campo de control de longitud fija |
01187nam a2200229 i 4500 |
| 001 - NÚMERO DE CONTROL |
| campo de control |
153364 |
| 003 - IDENTIFICADOR DE NÚMERO DE CONTROL |
| campo de control |
ES-MaACL |
| 005 - FECHA Y HORA DE LA ÚLTIMA TRANSACCIÓN |
| campo de control |
20250809041213.0 |
| 008 - DATOS DE LONGITUD FIJA--INFORMACIÓN GENERAL |
| campo de control de longitud fija |
050812s1637 fr |||| | lat d |
| 100 1# - ENTRADA PRINCIPAL--NOMBRE DE PERSONA |
| Nombre de persona |
Cujas, Jacques ( |
| Fechas asociadas al nombre |
1522-1590) |
| 9 (RLIN) |
42126 |
| 245 10 - MENCIÓN DEL TÍTULO |
| Título |
Iacobi Cuiacii ic. |
| Resto del título |
: Operum, quae de iure fecit, tam eorum quae eo superstite, quam quae post obitum eiusdem iussu edita sunt. tomus primus [-secundus]... |
| 260 ## - PUBLICACIÓN, DISTRIBUCIÓN, ETC. |
| Lugar de publicación, distribución, etc. |
Lutetiae Parisiorum : |
| Nombre del editor, distribuidor, etc. |
apud Ioannem Germont ..., |
| Fecha de publicación, distribución, etc. |
1637. |
| 300 ## - DESCRIPCIÓN FÍSICA |
| Extensión |
2 v. ([38], 92 p. col., 93-1206 col. , [3], [84] p. ; [16] p., 980 col., [16] p., 5-782 col., [4] p. ) ; |
| Dimensiones |
36 cm. |
| 530 ## - NOTA DISPONIBLE DE FORMULARIO FÍSICO ADICIONAL |
| Nota de formato físico adicional disponible |
Disponible en formato digital. |
| 597 ## - NOTA DE DESCRIPCIÓN FÍSICA |
| NOTA DE DESCRIPCIÓN FÍSICA |
Sign.: [cruz latina]5, *-2*4, 3*6, A-3H6, 32, a-g6 ; [alfa]-[beta]4, A-2R6, 2S5, *-2*4, 4a2-6, 4b-5i6, 5k4, 4p2 [sic] |
| 597 ## - NOTA DE DESCRIPCIÓN FÍSICA |
| NOTA DE DESCRIPCIÓN FÍSICA |
Port. a dos tintas con retrato calc. |
| 650 #7 - PUNTO DE ACCESO ADICIONAL DE MATERIA--TÉRMINO DE MATERIA |
| Término de materia o nombre geográfico como elemento de entrada |
Derecho romano |
| Fuente del encabezamiento o término |
embne |
| 9 (RLIN) |
11764 |
| 852 ## - LOCALIZACIÓN |
| Ubicación |
ES-MaACL |
| Número de control de estantería |
R-1515-21 |
| condición física |
- Falto de port. y h. [alfa]2 y [alfa]3 |
| Nota libre |
- Enc. hol. |
| Encuadernación |
- Olim: G-2203-8 |
| 856 ## - LOCALIZACIÓN Y ACCESO ELECTRÓNICOS |
| Identificador Uniforme de Recursos |
<a href="https://bvpb.mcu.es/es/consulta/registro.do?id=577752 ">https://bvpb.mcu.es/es/consulta/registro.do?id=577752 </a> |
| Nota pública |
Biblioteca Virtual del Patrimonio Bibliográfico |
| 942 ## - ELEMENTOS DE ENTRADA SECUNDARIOS (KOHA) |
| Fuente del sistema de clasificación o colocación |
Clasificación decimal universal |
| Tipo de ítem Koha |
Libro impreso antiguo |
| Suprimir en OPAC |
No |